000 00757nam a2200265Ia 4500
003 OSt
005 20220928132549.0
006 a|||||r|||| 00| 0
007 ta
008 220927b |||||||| |||| 00| 0 eng d
020 _cUKP 34.99
024 _a143968
037 _b005, 10/02/2021, Excel Book International
_cTextual
040 _aSDCL
_cSDCL
_beng
041 _2eng
_aeng
082 _aW, R0
100 _aCaramani Daniele Ed.
245 0 _aComparative politics
250 _a5th
260 _aOxford
_bOxford University Press
_c2020
300 _axxxvi,619p.
_ccm.
650 _aPolitical Science
942 _hW, R0
_cTEXL
_2CC
999 _c794984
_d794984